[Event "New Delhi Parsvnath op-A 18th"]
[Site "New Delhi"]
[Date "2020.01.11"]
[Round "4"]
[White "Stupak, Kirill"]
[Black "Choudhary, Jitendra Kumar"]
[Result "1-0"]
[WhiteElo "2506"]
[BlackElo "1905"]
[PlyCount "53"]
[EventDate "2020.01.09"]
[EventType "swiss"]
[EventRounds "10"]
[EventCountry "IND"]
[SourceTitle "CBM 194 Extra"]
[Source "ChessBase"]
[SourceDate "2020.03.31"]
[SourceVersion "1"]
[SourceVersionDate "2020.03.31"]
[SourceQuality "1"]

1. g3 e5 2. c4 Nf6 3. Bg2 h6 4. Nc3 c6 5. d4 exd4 6. Qxd4 Bb4 7. Nf3 d5 8. cxd5 Bxc3+ 9. Qxc3 Qxd5 10. 0-0 Qh5 11. Qa3 Bh3 12. Bf4 Nbd7 13. Bd6 Nb6 14. Rac1 Nfd5 15. e4 Be6 16. exd5 Qxd5 17. b3 Rd8 18. Rfd1 Qh5 19. Bc7 Rxd1+ 20. Rxd1 Nd7 21. Qd6 Qg4 22. Ne5 Qf5 23. Nxd7 f6 24. Be4 Qxe4 25. Nc5 Qf5 26. Nxe6 Kf7 27. Qd7+ 1-0

[Event "New Delhi Parsvnath op 13th"]
[Site "New Delhi"]
[Date "2015.01.09"]
[Round "1"]
[White "Choudhary, Jitendra Kumar"]
[Black "Kunte, Abhijit"]
[Result "0-1"]
[WhiteElo "2093"]
[BlackElo "2486"]
[PlyCount "132"]
[EventDate "2015.01.09"]
[EventType "tourn"]
[EventRounds "10"]
[EventCountry "IND"]
[SourceTitle "CBM 164 Extra"]
[Source "ChessBase"]
[SourceDate "2015.03.02"]
[SourceVersion "1"]
[SourceVersionDate "2015.03.02"]
[SourceQuality "1"]

1. e4 c5 2. Nf3 e6 3. d4 cxd4 4. Nxd4 a6 5. g3 Nf6 6. Bg2 Qc7 7. 0-0 d6 8. Re1 Be7 9. Nc3 0-0 10. a4 Nc6 11. Nxc6 bxc6 12. a5 Rb8 13. b3 Nd7 14. Be3 c5 15. Ra4 Bb7 16. Qd2 Bc6 17. Ra2 Rfd8 18. Bf4 Ba8 19. Qe2 Bb7 20. Bd2 Rdc8 21. Na4 Bf6 22. Bc3 Bc6 23. Bxf6 Nxf6 24. Nb6 Re8 25. e5 Bxg2 26. exf6 Bb7 27. Qg4 g6 28. f3 Qc6 29. Re3 h6 30. Qa4 Qxa4 31. Rxa4 Bc6 32. Ra1 e5 33. Nc4 Re6 34. Rd1 Rd8 35. Rxe5 Rxf6 36. f4 Rd7 37. Re3 Kf8 38. Rde1 Rc7 39. Nb6 g5 40. fxg5 hxg5 41. c4 Rh6 42. g4 Rf6 43. Rf1 Kg7 44. Rxf6 Kxf6 45. Kf2 Re7 46. Rxe7 Kxe7 47. Ke3 Ke6 48. Ke2 Be4 49. Ke3 Bc2 50. Nd5 Bxb3 51. Kd3 Bd1 52. Nc7+ Kd7 53. Nd5 Bf3 54. Ne3 Ke6 55. Kd2 Ke5 56. Kd3 Kf4 57. h3 Be4+ 58. Ke2 Kg3 59. Nf1+ Kxh3 60. Ke3 Bg2 61. Nd2 Kxg4 62. Nb1 f5 63. Nc3 f4+ 64. Kf2 Bc6 65. Ne2 Kf5 66. Nc3 g4 0-1

[Event "Chennai op 5th"]
[Site "Chennai"]
[Date "2013.01.20"]
[Round "8"]
[White "Pradeep, Kumar RA"]
[Black "Choudhary, Jitendra Kumar"]
[Result "1-0"]
[WhiteElo "2264"]
[BlackElo "2106"]
[PlyCount "111"]
[EventDate "2013.01.16"]
[EventType "swiss"]
[EventRounds "11"]
[EventCountry "IND"]
[SourceTitle "CBM 152 Extra"]
[Source "ChessBase"]
[SourceDate "2013.02.25"]
[SourceVersion "1"]
[SourceVersionDate "2013.02.25"]
[SourceQuality "1"]

1. Nf3 b6 2. g3 Bb7 3. Bg2 Nf6 4. 0-0 g6 5. d3 d5 6. c4 e6 7. cxd5 exd5 8. Qa4+ c6 9. e4 dxe4 10. dxe4 Bg7 11. Rd1 Nfd7 12. Bg5 Qc7 13. Qa3 c5 14. Nc3 a6 15. Bf4 Qd8 16. Nd5 Bxd5 17. Rxd5 0-0 18. Bxb8 Rxb8 19. Rad1 Rb7 20. Qd3 Bxb2 21. Rxd7 Rxd7 22. Qxd7 Qxd7 23. Rxd7 c4 24. Ne1 b5 25. Nc2 Bc3 26. Ne3 Bb2 27. Bf1 Re8 28. Bg2 Rc8 29. Bf1 Re8 30. Rd6 Re6 31. Rxe6 fxe6 32. f4 Kf7 33. Kf2 Ke7 34. Ke2 Kd6 35. e5+ Kd7 36. Bg2 Kc7 37. Nc2 a5 38. Ne3 Bd4 39. Bh3 Kd7 40. Kd2 h6 41. Bf1 Kc6 42. a4 Kc5 43. axb5 c3+ 44. Kd3 c2 45. Nxc2 Bg1 46. Ke2 Kxb5 47. Bh3 Kc4 48. Bxe6+ Kc3 49. Ne3 Kd4 50. Ng4 Ke4 51. Nxh6 a4 52. Nf7 Kd4 53. Ng5 Kc3 54. Nf3 Bc5 55. Nh4 g5 56. fxg5 1-0

[Event "Chennai op 5th"]
[Site "Chennai"]
[Date "2013.01.18"]
[Round "2"]
[White "Teske, Henrik"]
[Black "Choudhary, Jitendra Kumar"]
[Result "1-0"]
[WhiteElo "2512"]
[BlackElo "2106"]
[PlyCount "101"]
[EventDate "2013.01.16"]
[EventType "swiss"]
[EventRounds "11"]
[EventCountry "IND"]
[SourceTitle "CBM 152 Extra"]
[Source "ChessBase"]
[SourceDate "2013.02.25"]
[SourceVersion "1"]
[SourceVersionDate "2013.02.25"]
[SourceQuality "1"]

1. Nf3 b6 2. e4 Bb7 3. Nc3 e6 4. d4 Bb4 5. Bd3 Nf6 6. Qe2 d5 7. e5 Ne4 8. 0-0 Bxc3 9. bxc3 Nxc3 10. Qe3 Ne4 11. a4 h6 12. Ba3 Nd7 13. c4 Ng5 14. Nd2 f5 15. cxd5 Bxd5 16. Rac1 c6 17. Qg3 Kf7 18. Nc4 Kg8 19. Ne3 Ne4 20. Bxe4 Bxe4 21. f3 Bd5 22. Nxd5 cxd5 23. Qg6 Qe8 24. Qxe8+ Rxe8 25. Rc7 Nb8 26. Rfc1 Kh7 27. Bd6 a6 28. Rb7 b5 29. Rcc7 Rhg8 30. a5 Rd8 31. Kf2 h5 32. Ke2 Kh6 33. f4 Kg6 34. Kd3 h4 35. h3 Kh6 36. Ke3 Kh7 37. Kf3 Kg6 38. Rb6 Kh7 39. Rcb7 Nd7 40. Rxa6 Nf8 41. Rxb5 Ng6 42. Bc5 Rb8 43. Rab6 Rbe8 44. a6 Nf8 45. Rb7 Rd8 46. a7 Nd7 47. Bb4 Rc8 48. Rxd7 Ra8 49. Bc5 Rgc8 50. Rbb7 Rg8 51. Re7 1-0

[Event "New Delhi Parsvnath op 10th"]
[Site "New Delhi"]
[Date "2012.01.15"]
[Round "2"]
[White "Lalith, Babu MR"]
[Black "Choudhary, Jitendra Kumar"]
[Result "1-0"]
[WhiteElo "2484"]
[BlackElo "2118"]
[PlyCount "57"]
[EventDate "2012.01.15"]
[EventType "swiss"]
[EventRounds "11"]
[EventCountry "IND"]
[SourceTitle "CBM 146 Extra"]
[Source "ChessBase"]
[SourceDate "2012.02.29"]
[SourceVersion "1"]
[SourceVersionDate "2012.02.29"]
[SourceQuality "1"]

1. d4 b6 2. c4 Bb7 3. Nc3 Nf6 4. Nf3 e6 5. g3 d5 6. cxd5 Nxd5 7. Bg2 Nxc3 8. bxc3 Nd7 9. 0-0 Be7 10. Re1 0-0 11. e4 Nf6 12. e5 Ne8 13. Qc2 Rb8 14. Rd1 b5 15. h4 h6 16. Be3 Bd5 17. Qe2 Qc8 18. g4 f5 19. exf6 Nxf6 20. g5 Ne4 21. Rac1 Qb7 22. gxh6 Ng3 23. fxg3 Bxf3 24. hxg7 Rf7 25. Bxf3 Rxf3 26. Bf4 Qd5 27. Rf1 Rxf1+ 28. Rxf1 Bd6 29. Qg4 1-0

[Event "New Delhi Parsvnath op 8th"]
[Site "New Delhi"]
[Date "2010.01.14"]
[Round "2"]
[White "Grover, Sahaj"]
[Black "Choudhary, Jitendra Kumar"]
[Result "1-0"]
[WhiteElo "2448"]
[BlackElo "2169"]
[PlyCount "61"]
[EventDate "2010.01.14"]
[EventType "swiss"]
[EventRounds "11"]
[EventCountry "IND"]
[SourceTitle "CBM 134 Extra"]
[Source "ChessBase"]
[SourceDate "2010.03.03"]
[SourceVersion "1"]
[SourceVersionDate "2010.03.03"]
[SourceQuality "1"]

1. e4 b6 2. d4 Bb7 3. Nc3 e6 4. Bd3 Bb4 5. Nge2 Nf6 6. a3 Bxc3+ 7. Nxc3 d5 8. e5 Nfd7 9. Qg4 Kf8 10. b4 a6 11. f4 h5 12. Qg3 g6 13. 0-0 Nc6 14. Ne2 Ne7 15. f5 h4 16. Qh3 gxf5 17. Bg5 Qe8 18. g4 Bc8 19. Qe3 Rh7 20. Kh1 Kg8 21. Bxe7 Qxe7 22. gxf5 exf5 23. Rg1+ Kf8 24. Bxf5 Rh8 25. Raf1 Ke8 26. Nf4 c6 27. e6 Kd8 28. Rg7 Qf6 29. Rxf7 Qxf7 30. exf7 Nf6 31. Qe5 1-0

[Event "New Delhi Parsvnath op 6th"]
[Site "New Delhi"]
[Date "2008.01.15"]
[Round "5"]
[White "Choudhary, Jitendra Kumar"]
[Black "Babu, N Sudhakar"]
[Result "0-1"]
[WhiteElo "2196"]
[BlackElo "2333"]
[PlyCount "104"]
[EventDate "2008.01.13"]
[EventType "swiss"]
[EventRounds "10"]
[EventCountry "IND"]
[SourceTitle "CBM 122 Extra"]
[Source "ChessBase"]
[SourceDate "2008.03.04"]
[SourceVersion "1"]
[SourceVersionDate "2008.03.04"]
[SourceQuality "1"]

1. e4 e5 2. Nf3 Nc6 3. d4 exd4 4. Nxd4 Nf6 5. Nxc6 bxc6 6. Bd3 d5 7. Qe2 Be7 8. 0-0 0-0 9. Bf4 Be6 10. Nd2 Rb8 11. e5 Nd7 12. h3 c5 13. b3 Re8 14. Bh2 f6 15. Qh5 Nf8 16. f4 c4 17. Be2 c3 18. Nf3 f5 19. Kh1 c5 20. Ng5 Bxg5 21. fxg5 Rb4 22. Rad1 d4 23. Bd3 g6 24. Qh6 Qe7 25. Rfe1 Rb6 26. Re2 Bd5 27. Rf1 Ne6 28. Bg3 Qxg5 29. Qxg5 Nxg5 30. Kh2 Ne4 31. Bxe4 Bxe4 32. Rc1 Ra6 33. Ra1 Kf7 34. Bf4 Ke6 35. Kg3 Kd5 36. h4 c4 37. bxc4+ Kxc4 38. a3 Rb6 39. Rf2 Rb2 40. Rc1 Re6 41. Bh6 Rxe5 42. Kf4 Re7 43. Bf8 Re8 44. Bb4 h6 45. Re2 Ra8 46. g4 a5 47. Be7 Ra6 48. Bf8 h5 49. gxh5 gxh5 50. Rf2 Rg6 51. Be7 Rg4+ 52. Ke5 Rxc2 0-1